000
00304nam a22001217a 4500
082
_a
001
_b
KOD/U
100
_a
KODANSHA
245
_a
UNDERWATER LIFE
_b
THE CHILDREN'S TREASURY OF KNOWLEDGE
260
_a
HONGKONG
_b
KODANSHA LIMITED
_c
1988
300
_a
111
650
_a
GENERAL KNOWLEDGE
_z
CHINA
942
_c
BK
999
_c
1902
_d
1902